书目信息 |
| 题名: |
教学机智
|
|
| 作者: | 马克斯·范梅南著 ;李树英 译 | |
| 分册: | ||
| 出版信息: | 北京 教育科学出版社 2014.12 |
|
| 页数: | 202页 | |
| 开本: | 20cm | |
| 丛书名: | 世界教育思想文库 | |
| 单 册: | ||
| 中图分类: | G40 | |
| 科图分类: | ||
| 主题词: | 教育学 | |
| 电子资源: | ||
| ISBN: | 978-7-5041-8793-2 | |
| 000 | 01111nam0 2200277 450 | |
| 001 | 2659598709 | |
| 005 | 20260528163523.19 | |
| 010 | @a978-7-5041-8793-2@dCNY48.00 | |
| 100 | @a20260528d2014 km y0chiy0120 ea | |
| 101 | 0 | @achi |
| 102 | @aCN@b110000 | |
| 200 | 1 | @a教学机智@AJiao Xue Ji Zhi@e教育智慧的意蕴@f(加) 马克斯·范梅南著 ; 李树英译@F(Jia)Ma Ke Si·Fan Mei Nan Zhu;Li Shu Ying Yi |
| 205 | @a2版 | |
| 210 | @a北京@c教育科学出版社@d2014.12 | |
| 215 | @a202页@d20cm | |
| 225 | 2 | @a世界教育思想文库 |
| 330 | @a本书是当代西方现象学教育学的经典之作。 范梅南教授以他独到的现象学研究方法和敏锐的教育经验, 从“现象学教育学 ” 的角度, 以教师、父母和学生的生活经历为原材料, 对教育学的诸多方面进行了十分深刻的和有益的思考。 | |
| 410 | 0 | @12001 @a世界教育思想文库 |
| 510 | 1 | @a=Tact of teaching : the meaning of pedagogical thoughtfulness |
| 517 | 1 | @a教育智慧的意蕴@AJiao Yu Zhi Hui De Yi Yun |
| 606 | 0 | @a教育学 |
| 690 | @aG40@v4 | |
| 701 | 0 | @a马克斯·范梅南著@AMa Ke Si·Fan Mei Nan Zhu |
| 702 | 0 | @a李树英@ALi Shu Ying@4译 |
| 801 | 0 | @aCN@b河南城建学院图书馆@c20260528 |
| 905 | @dG40@eM087 | |
| 教学机智:教育智慧的意蕴/(加) 马克斯·范梅南著 ; 李树英译.-2版.-北京:教育科学出版社,2014.12 |
| 202页;20cm.-(世界教育思想文库) |
| ISBN 978-7-5041-8793-2:CNY48.00 |
| 本书是当代西方现象学教育学的经典之作。 范梅南教授以他独到的现象学研究方法和敏锐的教育经验, 从“现象学教育学 ” 的角度, 以教师、父母和学生的生活经历为原材料, 对教育学的诸多方面进行了十分深刻的和有益的思考。 |
| ● |
| 相关链接 |
|
|
|
正题名:教学机智
索取号:G40/M087
 
预约/预借
| 序号 | 登录号 | 条形码 | 馆藏地/架位号 | 状态 | 备注 |
| 1 | 1556900 | 215569007 | 计算机与数据科学学院资料室/ [索取号:G40/M087] | 在馆 |